Practical risk assessment for project management (Record no. 106326)

MARC details
000 -LEADER
fixed length control field 01042cam a2200229 4500
001 - CONTROL NUMBER
control field L136131
008 - FIXED-LENGTH DATA ELEMENTS--GENERAL INFORMATION
fixed length control field 070112n1995 000 0 eng u
020 ## - INTERNATIONAL STANDARD BOOK NUMBER
International Standard Book Number 047193979
-- 9780471939795
035 ## - SYSTEM CONTROL NUMBER
System control number (Sirsi) u136131
041 0# - LANGUAGE CODE
Language code of text/sound track or separate title eng
050 04 - LIBRARY OF CONGRESS CALL NUMBER
Classification number 658.404 $2 18
100 1# - MAIN ENTRY--PERSONAL NAME
Personal name Grey, Stephen
245 00 - TITLE STATEMENT
Title Practical risk assessment for project management
260 ## - PUBLICATION, DISTRIBUTION, ETC.
Place of publication, distribution, etc. Chichester
Name of publisher, distributor, etc. Wiley
Date of publication, distribution, etc. 1995
300 ## - PHYSICAL DESCRIPTION
Extent xviii, 140p.
Dimensions 25cm.
505 1# - FORMATTED CONTENTS NOTE
Formatted contents note Project risk assessment -- Modelling and simulation -- Cost risk -- Schedule risk -- Business forecast risk -- Alternative techniques and tools
520 ## - SUMMARY, ETC.
Summary, etc. Discusses techniques for measuring and modelling the overall risk to a project's budget and schedule. Considers issue-based, scoring and quantitative techniques, data requirements for cost risk modelling, human factors and external dependencies in schedule risk, interpreting schedule risk model output and approaches to forecasting.
590 ## - LOCAL NOTE (RLIN)
Local note KA
651 #4 - SUBJECT ADDED ENTRY--GEOGRAPHIC NAME
Geographic name International
690 ## - LOCAL SUBJECT ADDED ENTRY--TOPICAL TERM (OCLC, RLIN)
Topical term or geographic name as entry element Project management
9 (RLIN) 6261
942 ## - ADDED ENTRY ELEMENTS (KOHA)
Suppress in OPAC 0
Holdings
Withdrawn status Lost status Source of classification or shelving scheme Damaged status Not for loan Home library Current library Shelving location Date acquired Cost, normal purchase price Total Checkouts Full call number Barcode Date last seen Date last checked out Copy number Cost, replacement price Price effective from Koha item type
    Dewey Decimal Classification     London London Books 02/02/2007 45.00 19 658.404 GRE 30073610 06/08/2019 02/04/2009 1 45.00 06/08/2019 Book